Project management:Case studies (Record no. 2502)

MARC details
000 -LEADER
fixed length control field 00354nam a2200145Ia 4500
008 - FIXED-LENGTH DATA ELEMENTS--GENERAL INFORMATION
fixed length control field 130318s9999 xx 000 0 und d
020 ## - INTERNATIONAL STANDARD BOOK NUMBER
International Standard Book Number 9780470278710
082 ## - DEWEY DECIMAL CLASSIFICATION NUMBER
Classification number 658.404 KER/P
100 ## - MAIN ENTRY--PERSONAL NAME
Personal name Kerzner, Harold
245 ## - TITLE STATEMENT
Title Project management:Case studies
250 ## - EDITION STATEMENT
Edition statement 3
260 ## - PUBLICATION, DISTRIBUTION, ETC.
Name of publisher, distributor, etc. Wiley
Place of publication, distribution, etc. U.S.A
Date of publication, distribution, etc. 2009
300 ## - PHYSICAL DESCRIPTION
Extent 681
650 ## - SUBJECT ADDED ENTRY--TOPICAL TERM
Topical term or geographic name entry element PROJECT MANAGEMENT
Holdings
Withdrawn status Lost status Damaged status Not for loan Collection code Home library Current library Shelving location Date acquired Cost, normal purchase price Total Checkouts Full call number Barcode Date last seen Date last checked out Price effective from Koha item type
        Project Management Kerala University of Digital Sciences, Innovation and Technology Knowledge Centre Kerala University of Digital Sciences, Innovation and Technology Knowledge Centre Management 18/03/2013 3045.00 1 658.404 KER/P 2522 03/12/2020 23/08/2013 18/03/2013 Books